<?xml version="1.0" encoding="UTF-8"?>
<record
    xmlns:xsi="http://www.w3.org/2001/XMLSchema-instance"
    xsi:schemaLocation="http://www.loc.gov/MARC21/slim http://www.loc.gov/standards/marcxml/schema/MARC21slim.xsd"
    xmlns="http://www.loc.gov/MARC21/slim">

  <leader>00951cam a2200217 a 4500</leader>
  <controlfield tag="005">20170613140258.0</controlfield>
  <controlfield tag="008">831111m19819999bl a     b   f001 0 eng  </controlfield>
  <datafield tag="050" ind1="0" ind2="0">
    <subfield code="a">TA419</subfield>
    <subfield code="b">I58 1981</subfield>
  </datafield>
  <datafield tag="110" ind1="2" ind2=" ">
    <subfield code="a">Instituto Brasileiro de desenvolvimiento Florestal </subfield>
  </datafield>
  <datafield tag="245" ind1="0" ind2="0">
    <subfield code="a">Madeiras da Amaz&#xF4;nia = Amozonian timbers  :</subfield>
    <subfield code="b">caracter&#xED;sticas e utiliza&#xE7;&#xE3;o = characteristics and utilization </subfield>
    <subfield code="c">/ Instituto Brasileiro de Desenvolvimento Florestal.</subfield>
  </datafield>
  <datafield tag="246" ind1="3" ind2="1">
    <subfield code="a">Amozonian timbers  :</subfield>
    <subfield code="b">characteristics and utilization </subfield>
  </datafield>
  <datafield tag="250" ind1=" " ind2=" ">
    <subfield code="a">1a ed.</subfield>
  </datafield>
  <datafield tag="260" ind1=" " ind2=" ">
    <subfield code="a">[Brasil ]:</subfield>
    <subfield code="b">Conselho Nacional de Desenvolvimento Cient&#xED;fico e Tecnol&#xF3;gico,</subfield>
    <subfield code="c">1981</subfield>
  </datafield>
  <datafield tag="300" ind1=" " ind2=" ">
    <subfield code="a">113 p. : </subfield>
    <subfield code="b">il. ; </subfield>
    <subfield code="c">21 cm. </subfield>
  </datafield>
  <datafield tag="500" ind1=" " ind2=" ">
    <subfield code="a">Portugu&#xE9;s e ingl&#xE9;s  </subfield>
  </datafield>
  <datafield tag="500" ind1=" " ind2=" ">
    <subfield code="a">Incluye &#xED;ndice </subfield>
  </datafield>
  <datafield tag="505" ind1="1" ind2=" ">
    <subfield code="a">Contenido : </subfield>
    <subfield code="t">V. 1. Floresta Nacional do Tapaj&#xF3;s = Tapajos National Forest </subfield>
  </datafield>
  <datafield tag="650" ind1=" " ind2="4">
    <subfield code="a">Maderas </subfield>
    <subfield code="z">Brazil</subfield>
    <subfield code="z">Amazonas.</subfield>
  </datafield>
  <datafield tag="650" ind1=" " ind2="4">
    <subfield code="a">Maderas </subfield>
    <subfield code="x">Utilizaci&#xF3;n </subfield>
    <subfield code="z">Brazil</subfield>
    <subfield code="z">Amazonas.</subfield>
  </datafield>
  <datafield tag="942" ind1=" " ind2=" ">
    <subfield code="2">lcc</subfield>
    <subfield code="c">LIB</subfield>
  </datafield>
  <datafield tag="999" ind1=" " ind2=" ">
    <subfield code="c">134568</subfield>
    <subfield code="d">134568</subfield>
  </datafield>
  <datafield tag="952" ind1=" " ind2=" ">
    <subfield code="1">0</subfield>
    <subfield code="2">lcc</subfield>
    <subfield code="4">0</subfield>
    <subfield code="7">1</subfield>
    <subfield code="a">LIC-026</subfield>
    <subfield code="b">LIC-026</subfield>
    <subfield code="c">GENERAL</subfield>
    <subfield code="d">2017-06-13</subfield>
    <subfield code="f">1a ed.</subfield>
    <subfield code="i">IA</subfield>
    <subfield code="k">CA</subfield>
    <subfield code="o">TA419 I58 1981</subfield>
    <subfield code="p">BTM000001418</subfield>
    <subfield code="r">2017-06-13 00:00:00</subfield>
    <subfield code="t">1</subfield>
    <subfield code="v">1.00</subfield>
    <subfield code="y">LIB</subfield>
  </datafield>
</record>
